000 00844nam a2200241 i 4500
001 184375
003 ES-MaACL
005 20251123114407.0
008 150729s2000 sp |||| |bspa d
020 _a84-88816-66-9
080 _a929 Bloy, León :2
100 0 _aBloy, Léon,
_d1846-1917
_929573
245 1 0 _aEn tinieblas /
_cLéon Bloy ; edición, traducción y notas de Luis Cayo Pérez Bueno.
260 _aMadrid :
_bEscuela Libre,
_c2000.
300 _a109 p. ;
_c21 cm.
490 1 _aLetras diferentes ;
_v11
594 _aTraducción de: Dans les ténèbres.
600 1 7 _aBloy, Léon,
_d1846-1917-
_xReligión
_2
_9157161
700 1 _aPérez Bueno, Luis Cayo,
_d1967-
_9157162
830 0 _aLetras diferentes ;
_v11
_9179437
852 _aES-MaACL
_jL-30128
_z.- Donat. Miguel A. Velasco
999 _c184375
_d184375